| 000 | 01980nim a2200409 i 4500 | ||
|---|---|---|---|
| 001 | 197331 | ||
| 003 | ES-MaACL | ||
| 005 | 20250901050622.0 | ||
| 007 | ss lsnjlcipnne | ||
| 008 | 290425s1990 sp nnnn |||| 00| spa d | ||
| 040 |
_bspa _cES-MaACL |
||
| 245 | 0 | 0 |
_aLa vida está en otra parte: ingeniería genética _h[Grabación sonora] : _bciclo El mundo en el que luchan las mujeres / |
| 260 |
_aMadrid : _bAteneo de Madrid, _c1991. |
||
| 300 |
_a2 casetes (ca. 180 min) : _bson. ; _c11 cm |
||
| 490 | 1 | _3Actos culturales en el Ateneo de Madrid | |
| 518 | _aGrabado el 28 de enero de 1991 en el Salón de Actos del Ateneo de Madrid. | ||
| 520 | _aConferencia sobre la ingeniería genética dentro del Ciclo El mundo que habitan las mujeres, que contiene tres conferencias siendo estas: la aquí comentada, "Martillo de brujas y herejes: el poder judicial" y "Entre el rito y el drama: las drogas". | ||
| 540 | _aDocumento inédito | ||
| 594 | _5Datos basados en la invitación. | ||
| 610 | 2 | 0 |
_aAteneo de Madrid- _xActos culturales- _y1991- _vGrabaciones sonoras _9240452 |
| 650 | 7 |
_aMujeres _2embne _915251 |
|
| 653 | _aArchivo de la palabra | ||
| 655 | 0 |
_aConferencias _9234444 |
|
| 700 | 1 |
_aGarcía Herrera, Alicia _9240486 |
|
| 710 |
_aAteneo de Madrid. _ehis _9240081 _bAgrupación Ateneísta de Estudios sobre la Mujer "Clara Campoamor" |
||
| 710 | 2 |
_aÁgora Feminista _eclb _9240372 |
|
| 710 | 2 |
_aFórum de Política Feminista _eclb _94150 |
|
| 710 |
_aMujeres de la Asociación por la Defensa de la Sanidad Pública _eclb _9240375 |
||
| 710 |
_aAsociación de Mujeres Juristas Themis _eclb _9240376 |
||
| 710 |
_aMovimiento por la Liberación e Igualdad de la Mujer _eclb _9240364 |
||
| 830 | 0 |
_aActos culturales en el Ateneo de Madrid _9240237 |
|
| 852 |
_aES-MaACL _cDEPOZ _pCinta 1 _9205632 |
||
| 852 |
_aES-MaACL _cDEPOZ _pCinta 2 _9205633 |
||
| 942 |
_2udc _n0 _cCINTASAUD |
||
| 999 |
_c197331 _d197331 |
||